Countries of the World in 1882 with a Map - Statistics

General Stats
  • This quiz has been taken 44,917 times
    44,617 since last reset
  • The average score is 61 of 351
Answers on the Map
Answers color-coded by a green-red scale on the quiz's map according to % correct below.
 
Answer Stats
Countries % Correct
United Kingdom
98%
United States
98%
Canada
97%
France
97%
Russia
97%
China
96%
Mexico
96%
Spain
96%
Brazil
95%
Germany
95%
Portugal
95%
Italy
94%
Japan
94%
Denmark
93%
Norway
93%
Sweden
93%
Argentina
92%
Chile
92%
Joseon
92%
Netherlands
92%
Persia
92%
Belgium
91%
Egypt
91%
Austria-Hungary
90%
Colombia
90%
Peru
90%
Bolivia
89%
Ottoman Empire
89%
Uruguay
89%
Venezuela
89%
Paraguay
88%
Siam
88%
Đại Nam
87%
Greece
87%
Nepal
87%
Switzerland
87%
Ecuador
86%
Morocco
84%
Haiti
83%
Romania
82%
Andorra
81%
Bhutan
81%
Guatemala
81%
Honduras
81%
Afghanistan
80%
Bulgaria
80%
Dominican Republic
80%
Monaco
80%
Nicaragua
80%
San Marino
80%
Costa Rica
79%
Madagascar
79%
El Salvador
78%
Liechtenstein
78%
Serbia
78%
Burma
77%
Muscat and Oman
69%
Montenegro
68%
Luxembourg
67%
Nejd
59%
Ethiopia
56%
Teke
52%
Maldives
47%
International Congo Society
42%
Brunei
39%
Tonga
35%
Samoa
34%
Liberia
30%
Hawaii
29%
Swaziland
27%
Nauru
26%
Rwanda
26%
Kuwait
25%
Burundi
24%
24%
Maravi
21%
Zanzibar
21%
Zululand
20%
Benin
18%
Transvaal
18%
Easter Island
16%
Orange Free State
15%
Aceh
14%
Maguindanao
11%
Kong
10%
Bali
9%
Sarawak
9%
Johor
8%
Sokoto
8%
Dahomey
6%
Dar Al-Kuti
6%
Ha'il
6%
Abuja
5%
Ashanti
5%
Bornu
5%
Buganda
5%
Niue-Fekai
5%
Rarotonga
5%
Aïr
4%
Aussa
4%
Oyo
4%
Tu'a
4%
Witu
4%
Bora Bora
3%
Kel Ahaggar
3%
Kuala
3%
Luba
3%
Lunda
3%
Sama
3%
Ankole
2%
Aro
2%
Bunyoro
2%
Cruzoob
2%
Gaza
2%
Geledi
2%
Gera
2%
Kuba
2%
Mahra
2%
Najran
2%
Ouaddai
2%
Pahang
2%
Uvea
2%
Wogodogo
2%
Yao
2%
Abemama
1%
Adrar
1%
Anaza
1%
Baghirmi
1%
Banjar
1%
Barotseland
1%
Biu
1%
Bono-Tekyiman
1%
Borgu
1%
Brakna
1%
Buton
1%
Chitral
1%
Chokwe
1%
Dagomba
1%
Damagaram
1%
Dendi
1%
Dhala
1%
Dir
1%
Dosso
1%
Fadhli
1%
Futa Djallon
1%
Futa Toro
1%
Gomma
1%
Goshen
1%
Gumma
1%
Hobyo
1%
Huahine
1%
Igala
1%
Ilé-Ifé
1%
Ilorin
1%
Jambi
1%
Jimma
1%
Kaffa
1%
Kafiristan
1%
Kakongo
1%
Karagwe
1%
Kasanje
1%
Kathiri
1%
Katsina
1%
Kazembe
1%
Kebbi
1%
Kénédougou
1%
Kom
1%
Koya
1%
Kunduz
1%
Lafia
1%
Lahej
1%
Lanao Confederation
1%
Lanfang
1%
Limmu-Ennarea
1%
Loango
1%
Lower Aulaqi
1%
Lower Yafa
1%
Luwu
1%
Ma'an
1%
Majeerteen
1%
Mandar Federation
1%
Mbunda
1%
Mthwakazi
1%
Mwali
1%
Ndzuwani
1%
Ngazidja
1%
Nri
1%
Onitsha
1%
Owo
1%
Palu
1%
Porto-Novo
1%
Qu'aiti
1%
Rabih's Empire
1%
Raiatea
1%
Rozvi
1%
Sigi
1%
Stellaland
1%
Swat
1%
Tagant
1%
Tamrash
1%
Torro
1%
Toucouleur
1%
Upper Aulaqi
1%
Upper Yafa
1%
Utetera
1%
Viye
1%
Wahidi Azzan
1%
Wahidi Balhaf
1%
Wahidi Bir Ali
1%
Wahidi Haban
1%
Wajo
1%
Warri
1%
Warsangali
1%
Wassoulou
1%
Welayta
1%
Yeke
1%
Zaria
1%
Abeokuta
0%
Agaie
0%
Agangnionjo
0%
Agbor
0%
Ajasse
0%
Akure
0%
Akwa Akpa
0%
Akyem
0%
Alada
0%
Alawi
0%
Aqrabi
0%
Audhali
0%
Babungo
0%
Bade
0%
Badibu
0%
Bakkara
0%
Bamun
0%
Bangassou
0%
Banggai
0%
Bauchi
0%
Bawlake
0%
Beihan
0%
Bemba
0%
Bemihisatra
0%
Bibemi
0%
Bilanga
0%
Bonny
0%
Bundu
0%
Dathina
0%
Daura
0%
Dawro
0%
Donggala
0%
Dutse
0%
Etiki
0%
Fada N'Gourma
0%
Fika
0%
Fingoland
0%
Gcalekaland
0%
Gliji
0%
Gombe
0%
Gumel
0%
Gurma
0%
Gwanara
0%
Gwandu
0%
Gwiriko
0%
Hadejia
0%
Haushabi
0%
Ijebu
0%
Irma
0%
Irqa
0%
Jamaare
0%
Jandol
0%
Janjero
0%
Jema'a
0%
Jugu
0%
Kalabari
0%
Kalukembe
0%
Kantarawadi
0%
Katagum
0%
Kazaure
0%
Keffi
0%
Kika
0%
Koena
0%
Konawe
0%
Kontagora
0%
Kulawi
0%
Kwara
0%
Kyebogyi
0%
Lafiagi
0%
Lapai
0%
Lete
0%
Liptako
0%
Maflahi
0%
Magba
0%
Mandara
0%
Maradi
0%
Mboum
0%
Misau
0%
Mpondoland
0%
Muri
0%
Namekan
0%
Naungpale
0%
Nembe
0%
Ngoyo
0%
Ngwaketse
0%
Ngwato
0%
Niumi
0%
Ntem
0%
Nungu
0%
Nyamwezi
0%
Ogwashi-Uku
0%
Okrika
0%
Ondo
0%
Onilahy
0%
Opobo
0%
Osogbo
0%
Paraku
0%
Pategi
0%
Phuan
0%
Piela
0%
Potiskum
0%
Rafai
0%
Rehoboth
0%
Rey Bouba
0%
Rimatara
0%
Rizim
0%
Rurutu
0%
Sabon
0%
Sha'ib
0%
Sheberghan
0%
Sigave
0%
Tadjourah
0%
Tado
0%
Tashqurghan
0%
Tawaeli
0%
Tawana
0%
Tekna
0%
Tenkodogo
0%
Tera
0%
Thembuland
0%
Toraja
0%
Tshibiri
0%
Urambo
0%
Wambu
0%
Wase
0%
Wukari
0%
Xiani
0%
Yaka
0%
Yashikira
0%
Yatenga
0%
Yauri
0%
Zafimanely
0%
Zamfara
0%
Zemio
0%
No matching quizzes found
Score Distribution
Percent of People with Each Score
Percentile by Number Answered
Your Score History
You have not taken this quiz since the last reset